000 01691nam a22003850a 4500
001 PT20993
003 AR-LpoUNG
005 20210131232937.0
008 191001s1997||||ag |||||||||||||||||spa d
020 _a9500371812
_c$5.4
040 _aAR-LpoUNG
_bspa
_cAR-LpoUNG
_eaacr
041 _aspa
044 _aag
082 0 _a982.064 969p
100 1 _aMartuccelli, Danilo
245 1 3 _aLa plaza vacía :
_btransformaciones del peronismo
250 _a1ra ed.
260 _aBuenos Aires :
_bLosada,
_c1997.
300 _a463 p. :
_bil.
520 _a<p>Argentina, como otros países de Latino América, ha vivido en los ultimos años el colapso del modelo nacional-popular. Si esto es asi , que quiere decir hoy ser peronista?. Para responder este interrogante no basta realizar un estudio del sistema de los partidos políticos ni limitarse a analizar las motivaciones del voto, más aun si la fidelidad electoral no da cuenta de la fragmentación que muestra ahora el justicialismo, como tampoco de la transformación de la identidad peronista. Asi las cosas, que significación puede tener hoy las referencias a la justicia social o al antiguo bienestar material? y además, como se relacionan los actores frente al desmantelamiento del modelo nacional popular.</p>
650 4 _aAMERICA LATINA
650 4 _aANALISIS SOCIOLOGICO
650 4 _aARGENTINA
650 4 _aCULTURA
650 4 _aHISTORIA
650 4 _aHISTORIA SOCIAL
650 4 _aINVESTIGACION HISTORICA
651 4 _aDOCUMENTOS TEORICOS O METODOLOGICOS
653 _aHISTORIOGRAFIA
653 _aMAES
653 _aPERONISMO
700 1 _aSvampa, Maristella
905 _a20993
942 _cLIB
999 _c18348
_d18348